| 000 | 00592nam a2200193Ia 4500 | ||
|---|---|---|---|
| 003 | IN-BaIIA | ||
| 008 | 211028s9999 xx 000 0 eng d | ||
| 040 | _cIIA Library | ||
| 080 |
_a515.1 _bSCH |
||
| 100 |
_aSchaefer, Helmut H. _95003 |
||
| 245 | 0 |
_aTopological vector spaces _cHelmut H. Schaefer |
|
| 260 |
_aNew York _bMacmillan _c1966 |
||
| 300 | _aix, 294p. | ||
| 490 | _aMacmillan series in advanced mathematics and theoretical physics | ||
| 650 | _aNASA Thesaurus | ||
| 650 |
_aTopology _94373 |
||
| 650 |
_aVector Spaces _94518 |
||
| 942 | _cBK | ||
| 999 |
_c2793 _d2793 |
||